| 000 | 00000nam 2200000za 4500 |
| 001 | 9.816701 |
| 003 | CaOODSP |
| 005 | 20221107142316 |
| 007 | cr ||||||||||| |
| 008 | 160502s2011 xxc |o f|0| 0 fre d |
| 040 | |aCaOODSP|bfre |
| 043 | |an-cn--- |
| 086 | 1 |aR5-108/2011F-PDF |
| 110 | 1 |aCanada. |bAffaires indiennes et du Nord. |bDirection générale des services de vérification et d’assurance. |
| 245 | 10|aRapport de vérification interne. Vérification des pratiques de gestion de la région de l'Atlantique |h[ressource électronique] / |crédigé par Direction générale des services de vérification et d’assurance. |
| 260 | |a[Gatineau, Québec] : |bAffaires indiennes et du Nord, |c2011. |
| 300 | |ai, 17 p. : |btableaux. |
| 500 | |aAvril 2011. |
| 500 | |aProjet no 10-26. |
| 500 | |aPubli. aussi en anglais sous le titre : Internal audit report. Management practices audit of the Atlantic Region. |
| 692 | 07|2gccst|aVérification |
| 775 | 08|tInternal audit report. Management practices audit of the Atlantic Region |w(CaOODSP)9.812574 |
| 856 | 40|qPDF|s83 Ko|uhttps://publications.gc.ca/collections/collection_2016/aanc-inac/R5-108-2011-fra.pdf |
| 986 | |aSGGID : 3594510 |